[Event "45th Olympiad 2024"]
[Site "Budapest HUN"]
[Date "2024.09.15"]
[Round "5.8"]
[Board "1"]
[White "Abdusattorov, Nodirbek"]
[Black "Schitco, Ivan"]
[Result "1-0"]
[WhiteElo "2766"]
[BlackElo "2527"]
[PlyCount "115"]
[EventDate "2024.09.11"]
[WhiteTeam "Uzbekistan"]
[BlackTeam "Moldova"]
[WhiteTeamCountry "UZB"]
[BlackTeamCountry "MDA"]

1. d4 d5 2. Nf3 Nf6 3. Bf4 c5 4. e3 Nc6 5. Nbd2 Bg4 6. c3 e6 7. Qb3 Qb6 8. h3 ({RR} 8. Ne5 Nxe5 9. dxe5 Nd7 10. Bb5 Be7 11. f3 Bh5 12. O-O-O Rd8 13. g4 Bg6 14. h4 h6 15. h5 Bh7 16. e4 O-O 17. c4 d4 18. Rhg1 Bg5 19. Bh2 Be3 20. g5 hxg5 21. Rg2 Qc7 22. f4 gxf4 {0-1 Cornette,M (2606)-Motylev,A (2675) London Classic Superblitz KO 2017 (2.1)}) 8... Bf5 9. g4 Bg6 10. Nh4 Nd7 $146 ({RR} 10... c4 11. Qxb6 axb6 12. Nxg6 hxg6 13. Bg2 b5 14. Ke2 b4 15. Rhb1 Kd7 16. a3 b3 17. Re1 b5 18. Rab1 Bxa3 19. bxa3 Rxa3 20. Rec1 Ra2 21. g5 Ne8 22. e4 dxe4 23. Ke1 Nd6 24. Bxd6 Kxd6 25. Nxe4+ {0-1 Tang,A (2461)-Vysochin,S (2531) Titled Tuesday intern Qual1 4th April blitz 2017 (8)}) ({RR} 10... c4 11. Qxb6 axb6 12. a3 Be7 13. Nxg6 hxg6 14. Bg2 Ra5 15. O-O-O Kd7 16. Rde1 Rha8 17. Re2 Rb5 18. Kc2 Rba5 19. e4 b5 20. exd5 Nxd5 21. Bg3 Bxa3 22. Bxd5 exd5 23. bxa3 Rxa3 24. Rb1 b4 25. Re3 {0-1 Valero Roca,R (1856)-Aleksanyan Israilyan,N (2040) XXIV Foment Martinenc Op 2024 (1.10)}) ({RR} 10... c4 11. Qxb6 axb6 12. a3 b5 13. Rc1 Kd7 14. Nxg6 hxg6 15. Bg2 Bd6 16. Bxd6 Kxd6 17. f4 Na5 18. O-O Nd7 19. e4 Nb6 20. Rfe1 Nc6 21. exd5 exd5 22. Nf3 f6 23. Rc2 Rae8 24. Rxe8 Rxe8 25. Kf2 {1-0 Sadhwani,R (2603)-Sargsyan,A (2402) Speed Chess GP1 blitz 2021 (1)}) 11. Nxg6 hxg6 12. h4 Be7 13. Nf3 Rc8 14. g5 cxd4 15. exd4 Na5 16. Qxb6 Nxb6 17. Bd3 Nac4 18. b3 Bd6 19. Bc1 Na5 20. Ke2 Nd7 21. Bd2 a6 22. h5 gxh5 23. g6 f6 24. Rh3 Nf8 25. Rah1 Nc6 26. Rxh5 Rxh5 27. Rxh5 Ne7 28. Nh4 f5 29. Rg5 Nd7 30. Rg1 Nf6 31. c4 Kd7 32. Nf3 Rh8 33. c5 Bc7 34. b4 Ne4 35. b5 axb5 36. Bxb5+ Nc6 37. a4 Nxd2 38. Kxd2 Bf4+ 39. Ke2 Kc7 40. Bxc6 bxc6 41. a5 Rb8 42. Ra1 Kb7 43. Rb1+ Kc7 44. Rxb8 Kxb8 45. Ne1 Kb7 46. Nd3 Bg5 47. Nb4 Bf6 48. a6+ Kc7 49. a7 Kb7 50. Nxc6 Ka8 51. Kd3 Kb7 52. f3 Ka8 53. Kc3 Kb7 54. Kb4 Ka8 55. Kb5 Kb7 56. a8=Q+ Kxa8 57. Kb6 f4 58. Kc7 1-0

[Event "45th Olympiad 2024"]
[Site "Budapest HUN"]
[Date "2024.09.15"]
[Round "5.8"]
[Board "4"]
[White "Iordachescu, Viorel"]
[Black "Vokhidov, Shamsiddin"]
[Result "0-1"]
[WhiteElo "2572"]
[BlackElo "2650"]
[PlyCount "72"]
[EventDate "2024.09.11"]
[WhiteTeam "Moldova"]
[BlackTeam "Uzbekistan"]
[WhiteTeamCountry "MDA"]
[BlackTeamCountry "UZB"]

1. d4 Nf6 2. c4 e6 3. Nf3 d5 4. g3 Bb4+ 5. Bd2 a5 6. Qc1 O-O 7. Bg2 Be7 8. O-O c6 9. Rd1 Nbd7 10. Bf4 h6 11. Nc3 $146 ({RR} 11. Qc2 b6 12. Nbd2 Ba6 13. Rac1 g5 14. Be3 Ng4 15. Qb3 b5 16. c5 b4 17. Re1 Nxe3 18. Qxe3 g4 19. Qxh6 gxf3 20. Nxf3 Bf6 21. e4 Bg7 22. Qd2 Nf6 23. exd5 exd5 24. Ne5 Qc7 25. Re3 Nd7 {1-0 Niemann,H (2706)-Makhnev,D (2483) Kazakhstan Chess Cup 2023 (9.4)}) ({RR} 11. Qc2 a4 12. a3 Qa5 13. Nbd2 Nh5 14. Be5 Nhf6 15. Bf4 Nh5 16. Be3 Nhf6 17. h3 Rd8 18. Rac1 b6 19. Bf4 Bb7 20. e4 Rac8 21. e5 Nh7 22. cxd5 cxd5 23. Qb1 b5 24. Rxc8 Rxc8 25. Rc1 Qa8 {½-½ Sargissian,G (2686)-Howell,D (2676) 24th European Teams 2023 (9.5)}) 11... a4 12. Ne5 g5 13. Nxd7 Nxd7 14. Bd2 dxc4 15. a3 Ra6 16. f4 f5 17. fxg5 hxg5 18. e4 c5 19. exf5 cxd4 20. Ne4 b5 21. fxe6 Rxe6 22. Nxg5 Re5 23. h4 Qb6 24. Bf4 d3+ 25. Kh1 Bxg5 26. Bxg5 Bb7 27. Rd2 Re2 28. Rxe2 dxe2 29. Bf4 Re8 30. Bd2 Bxg2+ 31. Kxg2 Qc6+ 32. Kg1 Ne5 33. Qc3 Qe4 34. Be3 Nd3 35. Bd2 e1=Q+ 36. Bxe1 Nxe1 0-1

[Event "45th Olympiad 2024"]
[Site "Budapest HUN"]
[Date "2024.09.15"]
[Round "5.9"]
[Board "1"]
[White "Albornoz Cabrera, Carlos Daniel"]
[Black "Giri, Anish"]
[Result "1/2-1/2"]
[WhiteElo "2579"]
[BlackElo "2724"]
[PlyCount "64"]
[EventDate "2024.09.11"]
[WhiteTeam "Cuba"]
[BlackTeam "Netherlands"]
[WhiteTeamCountry "CUB"]
[BlackTeamCountry "NED"]

1. e4 c6 2. d4 d5 3. e5 Bf5 4. Nf3 e6 5. Be2 c5 6. Be3 Qb6 7. Nc3 c4 8. Qc1 ({RR} 8. Rb1 Qd8 9. O-O Bb4 10. a3 Bxc3 11. bxc3 Qd7 12. Nh4 Ne7 13. g4 Bg6 14. f4 Be4 15. f5 Nbc6 16. f6 gxf6 17. Rxf6 O-O-O 18. Rxf7 Rdf8 19. Rf6 Ng6 20. Ng2 Qe7 21. g5 Qxa3 22. Qd2 Nd8 {0-1 Robson,R (2673)-Fedoseev,V (2671) PRO League Stage rapid 2020 (4)}) 8... Bb4 9. O-O Bxc3 ({RR} 9... Ne7 10. Nd1 Nbc6 11. b3 cxb3 12. axb3 Ng6 13. c3 Be7 14. b4 Rc8 15. Ne1 Nf8 16. Qd2 Nd7 17. Nd3 a5 18. b5 Na7 19. Nf4 O-O 20. Qa2 Bd8 21. Bd2 f6 22. Ne3 fxe5 23. dxe5 Nxe5 24. Nexd5 {1-0 Ganguly,S (2575)-Laurent-Paoli,P (2576) TCh-FRA Top 16 GpA 2024 (2.3)}) 10. bxc3 Bg4 $146 ({RR} 10... Nc6 11. Nh4 Bg6 12. f4 Nge7 13. g4 Be4 14. f5 Rf8 15. Bf3 Qa5 16. Qd2 O-O-O 17. Bg2 Qa3 18. Bf4 a6 19. f6 gxf6 20. exf6 Ng6 21. Nxg6 hxg6 22. Bg3 Bxg2 23. Kxg2 b5 24. Rf3 Qb2 25. Qd1 {1-0 Brandenburg,D (2392)-Diepeveen,V (2327) Dieren op 2006 (9)}) ({RR} 10... h6 11. Nh4 Be4 12. f3 Bh7 13. f4 Ne7 14. g4 Be4 15. Rb1 Qc7 16. Qb2 b6 17. Rf2 Nbc6 18. Kf1 O-O-O 19. Ke1 g6 20. Kd2 Rhg8 21. a4 Na5 22. Qb5 Nec6 23. Rbf1 Kb7 24. Qb2 Qe7 25. Nf3 {½-½ Dorofeeva,A (2285)-Reutova,L (2115) RUS-ch (Women) sf 1997}) 11. a4 Nc6 12. Qe1 O-O-O 13. Ng5 Bxe2 14. Qxe2 Qc7 15. Bc1 h6 16. Nh3 Nge7 17. Nf4 g6 18. Qf3 Kb8 19. Ba3 Ka8 20. Ne2 Nf5 21. Rfb1 Rd7 22. Ng3 Ng7 23. Rb5 Qd8 24. Rab1 h5 25. Nf1 Nf5 26. Ne3 Nh4 27. Qg3 g5 28. f4 gxf4 29. Qxf4 Ng6 30. Qf3 Nh4 31. Qf4 Ng6 32. Qf3 Nh4 1/2-1/2

[Event "45th Olympiad 2024"]
[Site "Budapest HUN"]
[Date "2024.09.15"]
[Round "5.9"]
[Board "2"]
[White "Van Foreest, Jorden"]
[Black "Quesada Perez, Luis Ernesto"]
[Result "1-0"]
[WhiteElo "2696"]
[BlackElo "2578"]
[PlyCount "85"]
[EventDate "2024.09.11"]
[WhiteTeam "Netherlands"]
[BlackTeam "Cuba"]
[WhiteTeamCountry "NED"]
[BlackTeamCountry "CUB"]

1. e4 e5 2. Nf3 Nc6 3. Bc4 Bc5 4. c3 Nf6 5. d3 d6 6. O-O a6 7. a4 Ba7 8. Re1 O-O 9. h3 h6 10. Nbd2 Re8 11. Nf1 ({RR} 11. b4 Be6 12. Bxe6 Rxe6 13. Bb2 Ne7 14. d4 Ng6 15. c4 exd4 16. Nxd4 Bxd4 17. Bxd4 c5 18. bxc5 dxc5 19. Bxc5 Rc8 20. Ba3 Ne5 21. Qe2 Nh5 22. Qxh5 Qxd2 23. Rad1 Qg5 24. Qxg5 hxg5 25. c5 Nc4 {½-½ Firouzja,A (2777)-Nakamura,H (2780) Titled Tue 3rd Oct Early 2023 (9)}) ({RR} 11. b4 Be6 12. Bxe6 Rxe6 13. Bb2 Ne7 14. c4 Ng6 15. Qc2 Nf4 16. Nf1 N6h5 17. Kh2 Rg6 18. g4 Qd7 19. Ne3 Nf6 20. Rg1 Bxe3 21. fxe3 Nxh3 22. Kxh3 Nxg4 23. Kh4 Nxe3 24. Qe2 Rg4+ 25. Kh5 Qf5+ {0-1 Elias Reyes,J (2468)-Quesada Perez,L (2560) 60th ch-CUB 2024 (5.2)}) 11... Be6 12. Bxe6 Rxe6 13. g4 $146 ({RR} 13. Be3 Re8 14. Bxa7 Rxa7 15. b4 Ne7 16. a5 Ng6 17. Ng3 Ra8 18. d4 Qd7 19. Qc2 Rad8 20. Rad1 Qc6 21. Qb3 exd4 22. Nxd4 Qd7 23. Ndf5 Qe6 24. c4 Ne5 25. Rc1 b5 26. Nd4 bxc4 27. Nxe6 cxb3 {1-0 Schoppen,C (2508)-Ernst,S (2553) NED-ch blitz 5th 2019 (22)}) ({RR} 13. b4 Ne7 14. Ng3 d5 15. Qc2 Ng6 16. Bb2 Qd7 17. Rad1 Rae8 18. exd5 Nxd5 19. b5 Ndf4 20. c4 R6e7 21. d4 e4 22. Ne5 Qc8 23. Rxe4 Ne6 24. Nf5 Ng5 25. Nxe7+ Rxe7 26. Rg4 Nxe5 27. dxe5 Qe6 {1-0 Nilsen,T (2203)-Chitre Arush (2235) Titled Tue 30th Jul Early 2024 (2)}) ({RR} 13. Ng3 d5 14. Qc2 Qd7 15. Be3 d4 16. cxd4 Nxd4 17. Nxd4 Bxd4 18. Bxd4 exd4 19. a5 Rc8 20. Qb3 c5 21. Rec1 g6 22. Rc2 h5 23. Rac1 h4 24. Nf1 Rec6 25. Nd2 Kg7 26. Nf3 Qe7 27. Qa3 Nd7 {1-0 Balakrishnan,P (2517)-Do Valle Cardoso,L (2242) Junior Speed Qual 2 blitz 2022 (1.11)}) 13... d5 14. Qe2 Qd7 15. Ng3 dxe4 16. dxe4 Rd8 17. g5 hxg5 18. Bxg5 Qd3 19. Kf1 Kf8 20. h4 Rd7 21. Qxd3 Rxd3 22. Ke2 Rd7 23. Rg1 Na5 24. Bxf6 Rxf6 25. Nh5 Rfd6 26. Rxg7 Nb3 27. Rag1 Rd2+ 28. Nxd2 Rxd2+ 29. Kf3 Rxf2+ 30. Kg3 Nd2 31. Kh3 Nxe4 32. R7g2 Rf3+ 33. Kg4 Re3 34. Rf1 Ke7 35. Ng3 Ke6 36. h5 Nf6+ 37. Kg5 Nh7+ 38. Kh4 Bc5 39. Nf5 Re4+ 40. Kh3 Bf8 41. h6 Rxa4 42. Rg8 Rf4 43. Ng7+ 1-0

[Event "45th Olympiad 2024"]
[Site "Budapest HUN"]
[Date "2024.09.15"]
[Round "5.11"]
[Board "2"]
[White "Cheng, Bobby"]
[Black "Howell, David W L"]
[Result "1-0"]
[WhiteElo "2588"]
[BlackElo "2677"]
[PlyCount "163"]
[EventDate "2024.09.11"]
[WhiteTeam "Australia"]
[BlackTeam "England"]
[WhiteTeamCountry "AUS"]
[BlackTeamCountry "ENG"]

1. d4 Nf6 2. c4 e6 3. Nf3 d5 4. g3 h6 5. Bg2 Bd6 6. O-O O-O 7. b3 b6 8. Bb2 Bb7 9. Nc3 Nbd7 10. Rc1 Re8 ({RR} 10... c5 11. cxd5 Nxd5 12. Nxd5 Bxd5 13. dxc5 Bxc5 14. b4 Be7 15. Nd4 Bxg2 16. Kxg2 Bf6 17. Nc6 Qe8 18. Bxf6 Nxf6 19. Qd6 Kh7 20. Rfd1 Ne4 21. Qe5 f5 22. Nd4 Rf6 23. Rc7 Rc8 24. Nxe6 Rxc7 25. Ng5+ {1-0 Ding,L (2799)-Artemiev,V (2704) Goldmoney Asian Prelim rapid 2021 (1.2)}) ({RR} 10... a6 11. Nd2 Rb8 12. e4 dxe4 13. Ndxe4 Nxe4 14. Nxe4 Be7 15. d5 e5 16. Nd2 f5 17. Re1 Bd6 18. Nf3 e4 19. Nd4 Nc5 20. Bf1 a5 21. a3 Qe7 22. b4 axb4 23. axb4 Nd7 24. c5 bxc5 25. Ne6 {0-1 Tzortzis,D (2027)-Spyropoulos,N (2428) 51st TCh-GRE 2024 (2.4)}) 11. Qc2 Rc8 $146 ({RR} 11... c5 12. Rfd1 dxc4 13. bxc4 cxd4 14. Nb5 Be4 15. Qd2 Bf8 16. Bxd4 Qc8 17. Qb2 Qb7 18. Bc3 Rac8 19. Bb4 Nc5 20. Nd6 Bxd6 21. Rxd6 Red8 22. Bxc5 bxc5 23. Qxb7 Bxb7 24. Rcd1 Rxd6 25. Rxd6 Rb8 26. Ne5 {½-½ Librelato,K (2182)-Melia,S (2377) FIDE World Cup Women 2023 (1.4)}) 12. Rfd1 c5 13. cxd5 Nxd5 14. Nxd5 cxd4 15. Qd2 Rxc1 16. Qxc1 Bxd5 17. Nxd4 Bxg2 18. Kxg2 Bc5 19. Nf3 Qe7 20. Qc3 f6 21. Qc4 Nf8 22. Bd4 Bxd4 23. Nxd4 Qd7 24. Rc1 Ng6 25. Qc6 Qe7 26. Qa4 Qb7+ 27. Kg1 Re7 28. Qc4 Ne5 29. Qc8+ Kf7 30. Qxb7 Rxb7 31. f4 Ng6 32. Kf2 e5 33. Nc6 Rd7 34. fxe5 fxe5 35. Ke3 Ke6 36. b4 Nh8 37. Nb8 Rd8 38. Na6 Rd7 39. Rc6+ Ke7 40. Nc7 Nf7 41. Nb5 Nd8 42. Rc3 Ke6 43. Rc8 Kf5 44. h3 h5 45. a3 Ne6 46. Ra8 h4 47. gxh4 Nd4 48. Nxd4+ Rxd4 49. Rxa7 Rxh4 50. Rf7+ Ke6 51. Rxg7 Rxh3+ 52. Ke4 Rh4+ 53. Kd3 Kd5 54. e4+ Kc6 55. a4 Rh1 56. Rg6+ Kc7 57. Kc4 Re1 58. Kb5 Rxe4 59. Rc6+ Kb7 60. Rxb6+ Ka7 61. Re6 Rh4 62. Re7+ Ka8 63. Re8+ Ka7 64. Re7+ Ka8 65. Rxe5 Rh6 66. Re8+ Kb7 67. Re7+ Ka8 68. a5 Kb8 69. Rg7 Rh5+ 70. Ka4 Rh6 71. Rg4 Ka7 72. b5 Rf6 73. Rg7+ Kb8 74. a6 Ka8 75. Ka5 Rf8 76. Rg5 Rh8 77. Rc5 Rg8 78. b6 Rh8 79. Rc8+ Rxc8 80. b7+ Ka7 81. bxc8=N+ Kb8 82. Nd6 1-0

[Event "45th Olympiad 2024"]
[Site "Budapest HUN"]
[Date "2024.09.15"]
[Round "5.11"]
[Board "3"]
[White "Adams, Michael"]
[Black "Sardana, Rishi"]
[Result "1-0"]
[WhiteElo "2661"]
[BlackElo "2477"]
[PlyCount "81"]
[EventDate "2024.09.11"]
[WhiteTeam "England"]
[BlackTeam "Australia"]
[WhiteTeamCountry "ENG"]
[BlackTeamCountry "AUS"]

1. e4 c5 2. Nf3 d6 3. d4 cxd4 4. Nxd4 Nf6 5. Nc3 a6 6. g3 e5 7. Nb3 Be7 8. Bg2 O-O 9. O-O Be6 10. a4 Nbd7 11. Re1 Qc7 12. Nd2 Qc5 13. Nf1 Bd8 14. Ne3 Bb6 $146 ({RR} 14... Ba5 15. Bd2 Rac8 16. Ncd5 Bxd5 17. exd5 Bxd2 18. Qxd2 g6 19. a5 Qd4 20. Red1 Qxd2 21. Rxd2 Ne8 22. b3 f5 23. Nc4 h5 24. h4 Kf7 25. Nb2 Nef6 26. c4 e4 27. b4 Ne5 28. Rc1 Rc7 29. Rc3 {0-1 Asylov,M (2117)-Isanzhulov,A (2338) Almaty Academy IM 2022 (4)}) ({RR} 14... Ba5 15. Bd2 Rfc8 16. Ncd5 Bxd5 17. exd5 Bxd2 18. Qxd2 g6 19. a5 b5 20. axb6 Nxb6 21. b3 a5 22. c4 a4 23. b4 Qd4 24. Qc2 Nxc4 25. Rxa4 Rxa4 26. Qxa4 Nxe3 27. fxe3 Qb6 28. Qb3 Rb8 29. Rc1 {0-1 Abdulrahim,S (1824)-Ahmad,A (2380) 7th Sharjah Challengers 2024 (9.6)}) ({RR} 14... Ba5 15. Bd2 Rac8 16. g4 Nb6 17. g5 Nfd7 18. Qh5 g6 19. Qh6 f6 20. Bh3 Bxh3 21. Qxh3 fxg5 22. Rad1 Nf6 23. Qg2 Bxc3 24. Bxc3 Nxa4 25. Rd3 Nxc3 26. Rxc3 Qb4 27. Nd1 g4 28. Ree3 Rxc3 29. bxc3 {0-1 Borisova,E (2223)-Lysenko,M (2228) Russian Cup Women's Final 2022 (1.1)}) 15. Ncd5 Bxd5 16. exd5 e4 17. Bd2 Ne5 18. a5 Ba7 19. Ra4 Qb5 20. b3 Qd7 21. Bxe4 Nxe4 22. Rxe4 f5 23. Ra4 f4 24. gxf4 Ng6 25. Ng2 Qh3 26. Be3 Rf5 27. Bxa7 Rh5 28. Kf1 Rxa7 29. Re3 Qf5 30. Qd3 Qxd5 31. Qxd5+ Rxd5 32. Re8+ Kf7 33. Rc8 Rd1+ 34. Ke2 Rh1 35. Rc7+ Kf6 36. Rd4 d5 37. Rxd5 Rxh2 38. Rd6+ Kf5 39. Rc5+ Kg4 40. Rg5+ Kh3 41. Rg3# 1-0

[Event "45th Olympiad 2024"]
[Site "Budapest HUN"]
[Date "2024.09.15"]
[Round "5.12"]
[Board "2"]
[White "Pelletier, Yannick"]
[Black "Bacrot, Etienne"]
[Result "1/2-1/2"]
[WhiteElo "2526"]
[BlackElo "2665"]
[PlyCount "62"]
[EventDate "2024.09.11"]
[WhiteTeam "Switzerland"]
[BlackTeam "France"]
[WhiteTeamCountry "SUI"]
[BlackTeamCountry "FRA"]

1. c4 e5 2. g3 Nf6 3. Bg2 c6 4. Nf3 e4 5. Nd4 Qb6 6. Nb3 a5 7. d3 a4 8. N3d2 Bc5 9. O-O e3 10. fxe3 Bxe3+ 11. Kh1 Ng4 12. Ne4 O-O 13. Nbc3 d5 14. cxd5 Bxc1 15. Qxc1 Ne3 16. Rf3 Nxd5 17. Qd2 a3 ({RR} 17... Nd7 18. d4 Qd8 19. Raf1 N7b6 20. h3 Qe7 21. b3 axb3 22. axb3 Nxc3 23. Nxc3 Be6 24. Ne4 Nd7 25. Ng5 h6 26. Nxe6 Qxe6 27. Re3 Qd6 28. Rd3 Rad8 29. Qa5 Nf6 30. e4 Qe7 31. Qf5 Qe6 32. Qxe6 {½-½ Sevian,S (2697)-Vokhidov,S (2596) Chessable Masters Div 2 W 2024 (1.1)}) 18. Rb1 $146 ({RR} 18. bxa3 Rxa3 19. Qc1 Ra5 20. Nd6 Nxc3 21. Qxc3 Be6 22. Nxb7 Rxa2 23. Rxa2 Bxa2 24. Nc5 Re8 25. Qc2 Bd5 26. e4 Be6 27. d4 Nd7 28. Nxe6 Rxe6 29. Qc4 g6 {½-½ Vidit,S (2719)-Yilmaz,M (2639) TCh-TUR Super League 2023 (10.6)}) 18... Nxc3 19. Nxc3 axb2 20. Rxb2 Qa5 21. Rf4 Qa3 22. Rfb4 Na6 23. Rb6 Qe7 24. d4 Rd8 25. e4 Nc5 26. R6b4 Ra3 27. Qc2 Na6 28. Rc4 Be6 29. Ra4 Rxa4 30. Qxa4 c5 31. d5 Bc8 1/2-1/2

[Event "45th Olympiad 2024"]
[Site "Budapest HUN"]
[Date "2024.09.15"]
[Round "5.12"]
[Board "4"]
[White "Georgiadis, Nico"]
[Black "Fressinet, Laurent"]
[Result "1/2-1/2"]
[WhiteElo "2510"]
[BlackElo "2616"]
[PlyCount "152"]
[EventDate "2024.09.11"]
[WhiteTeam "Switzerland"]
[BlackTeam "France"]
[WhiteTeamCountry "SUI"]
[BlackTeamCountry "FRA"]

1. e4 e5 2. Nf3 Nc6 3. Bb5 Nf6 4. d3 Bc5 5. Bxc6 dxc6 6. O-O Bd6 7. Nbd2 Be6 8. Nb3 ({RR} 8. b3 Nd7 9. Nc4 Bxc4 10. bxc4 O-O 11. Rb1 b6 12. g3 f5 13. exf5 Rxf5 14. Qe2 Nc5 15. Be3 Ne6 16. Nd2 Qf6 17. Qg4 Rf8 18. Ne4 Qf7 19. a4 h5 20. Qe2 Be7 21. a5 Qg6 22. axb6 axb6 {½-½ Carlsen,M (2843)-Aronian,L (2816) Grand Slam Final 5th 2012 (4)}) 8... a5 ({RR} 8... Qe7 9. Qe1 h6 10. Na5 Rb8 11. d4 exd4 12. e5 Bb4 13. Bd2 Bxa5 14. Bxa5 Nd5 15. Nxd4 O-O 16. Qe4 c5 17. c4 Nf4 18. Qxf4 cxd4 19. Qxd4 Rfd8 20. Qf4 Qc5 21. Bc3 Qxc4 22. Qxc4 Bxc4 23. Rfc1 {½-½ Saric,I (2678)-Fressinet,L (2702) Bundesliga 1516 2015 (5.1)}) 9. Qe1 a4 10. Na5 Bc8 $146 ({RR} 10... Qb8 11. b4 Bg4 12. Nh4 O-O 13. Nc4 Be6 14. Nxd6 cxd6 15. f4 exf4 16. Bxf4 Re8 17. a3 Nh5 18. Bd2 d5 19. Qe2 Nf6 20. Rxf6 gxf6 21. Rf1 dxe4 22. Bc3 Qd6 23. Bxf6 h6 24. Qh5 Kh7 25. Nf5 {1-0 Dominguez Perez,L (2763)-Aronian,L (2765) Saint Louis Blitz 2019 (6)}) ({RR} 10... Qc8 11. Ng5 Bd7 12. Nc4 O-O 13. f4 Bc5+ 14. Be3 Bxe3+ 15. Nxe3 exf4 16. Rxf4 h6 17. Nf3 Ng4 18. Nf5 Bxf5 19. Rxf5 Re8 20. Qg3 Ne3 21. Nd4 Nxf5 22. Nxf5 g6 23. Rf1 Qd8 24. Nxh6+ Kg7 25. Rxf7+ {1-0 Gledura,B (2628)-Blohberger,F (2520) 45th Olympiad 2024 (3.2)}) ({RR} 10... Qc8 11. Bd2 O-O 12. Ng5 b6 13. Nxe6 Qxe6 14. Nxc6 Bc5 15. Nb4 a3 16. b3 Qd6 17. Rd1 Rfd8 18. Kh1 Re8 19. f4 exf4 20. Bxf4 Bxb4 21. c3 Bxc3 22. Qxc3 Qe6 23. Qxc7 Rac8 24. Qd6 Qxd6 25. Bxd6 {½-½ Fedoseev,V (2686)-Nakamura,H (2760) Chess.com Rapid Wk20 KO 2022 (2.1)}) 11. Nc4 Nd7 12. d4 Qe7 13. dxe5 Nxe5 14. Nfxe5 Bxe5 15. Nxe5 Qxe5 16. Bd2 Be6 17. Qe3 f6 18. Bc3 Qh5 19. a3 O-O 20. Rad1 Rfd8 21. f3 b6 22. h3 Qe8 23. Rde1 Bc4 24. Rf2 Rd7 25. f4 Rad8 26. f5 Rd1 27. Rxd1 Rxd1+ 28. Kh2 Qe7 29. e5 fxe5 30. f6 Qc5 31. Qg3 g6 32. Bxe5 Kf7 33. Bxc7 Rf1 34. Rxf1 Bxf1 35. Qf4 Qf5 36. Qh6 Qxf6 37. Qxh7+ Ke6 38. Qg8+ Kd7 39. Bxb6 Bb5 40. Qh7+ Ke6 41. Bc7 c5 42. Bg3 Bc6 43. Qc7 Kd5 44. b3 axb3 45. cxb3 Ke4 46. Qa7 Qf5 47. Bd6 c4 48. bxc4 Kd3 49. Qa6 Qe4 50. c5+ Kc3 51. Qf1 Kb3 52. Qf3+ Qxf3 53. gxf3 Bxf3 54. Kg3 Bc6 55. Kf4 Ka4 56. Be7 Kb5 57. h4 Ka6 58. Ke5 Kb7 59. Bd8 Ka6 60. Kd6 Kb7 61. Bb6 Be8 62. Ke7 Bc6 63. Kf7 Be4 64. a4 Ka6 65. Ke6 Bc6 66. a5 Kb5 67. Kd6 Be4 68. Kc7 Ka6 69. c6 Kb5 70. Bf2 Kxa5 71. Kd7 Ka6 72. c7 Bf5+ 73. Kd8 Kb7 74. Bg3 Bg4 75. Ke7 Kc8 76. Kf6 Bh5 1/2-1/2

[Event "45th Olympiad 2024"]
[Site "Budapest HUN"]
[Date "2024.09.15"]
[Round "5.13"]
[Board "4"]
[White "Ivic, Velimir"]
[Black "Di Berardino, Diego Rafael"]
[Result "1/2-1/2"]
[WhiteElo "2599"]
[BlackElo "2472"]
[PlyCount "129"]
[EventDate "2024.09.11"]
[WhiteTeam "Serbia"]
[BlackTeam "Brazil"]
[WhiteTeamCountry "SRB"]
[BlackTeamCountry "BRA"]

1. e4 e6 2. d4 d5 3. Nc3 Nf6 4. e5 Nfd7 5. f4 c5 6. Nf3 Nc6 7. Be3 a6 8. Ne2 Qb6 9. Qc1 Be7 10. c3 f6 11. h4 O-O 12. h5 h6 13. Rh3 Rf7 14. Qc2 $146 ({RR} 14. Rg3 f5 15. Kf2 a5 16. a4 Qd8 17. Rh3 b6 18. Kg1 Ba6 19. Qd1 b5 20. dxc5 Bxc5 21. Nfd4 Nxd4 22. Nxd4 Bxd4 23. Qxd4 bxa4 24. Bxa6 Rxa6 25. Qxa4 Nb8 26. Qb5 Qc8 27. Rxa5 Rb7 28. Qc5 Qxc5 {1-0 Ilinca,F (2386)-Suarez Gomez,J (2492) TCh-ESP 2nd Div 2024 (5.26)}) ({RR} 14. Kf2 fxe5 15. fxe5 cxd4 16. cxd4 Bg5 17. Kg1 Bxe3+ 18. Qxe3 Qxb2 19. Rc1 Ne7 20. Nh4 Nb6 21. Nc3 Nc4 22. Bxc4 dxc4 23. Rb1 Qc2 24. Rc1 Qb2 25. Rb1 Qc2 26. Rc1 Qb2 {½-½ Van Foreest,J (2699)-Bacrot,E (2660) TCh-ESP Div Honor 2023 (7.2)}) 14... cxd4 15. Bxd4 Qc7 16. exf6 Nxd4 17. Nexd4 Rxf6 18. f5 Nc5 19. Nh4 Rf7 20. Ndf3 e5 21. g4 e4 22. Nd4 Qf4 23. Ng6 Qxg4 24. Qh2 Nd3+ 25. Bxd3 exd3 26. Re3 d2+ 27. Qxd2 Bh4+ 28. Nxh4 Qxh4+ 29. Qf2 Qh1+ 30. Qf1 Qxf1+ 31. Kxf1 Bxf5 32. Re5 Be4+ 33. Ke2 Rd8 34. Rg1 Kh7 35. Ke3 Rdd7 36. a4 Rde7 37. Rxe7 Rxe7 38. Kf4 a5 39. Re1 Kg8 40. c4 Kf8 41. c5 Rf7+ 42. Ke5 Ke7 43. Re3 Kd7 44. Rb3 Re7+ 45. Kf4 Kc7 46. Rb6 Bg2 47. Ne6+ Kb8 48. c6 d4 49. Nxd4 Re4+ 50. Kg3 Rxd4 51. Rxb7+ Kc8 52. Kxg2 Rxa4 53. Kg3 Ra1 54. Kf4 Rh1 55. Ke5 Rxh5+ 56. Kd6 Rh4 57. Rc7+ Kb8 58. Rb7+ Kc8 59. Rxg7 Rd4+ 60. Kc5 Rb4 61. Rg2 Kc7 62. Rg7+ Kc8 63. Rh7 Rxb2 64. Rh8+ Kc7 65. Rh7+ 1/2-1/2

[Event "45th Olympiad 2024"]
[Site "Budapest HUN"]
[Date "2024.09.15"]
[Round "5.14"]
[Board "2"]
[White "Blomqvist, Erik"]
[Black "Sargsyan, Shant"]
[Result "1/2-1/2"]
[WhiteElo "2491"]
[BlackElo "2649"]
[PlyCount "60"]
[EventDate "2024.09.11"]
[WhiteTeam "Sweden"]
[BlackTeam "Armenia"]
[WhiteTeamCountry "SWE"]
[BlackTeamCountry "ARM"]

1. e4 e5 2. Nf3 Nc6 3. Bb5 a6 4. Ba4 Nf6 5. O-O Be7 6. Re1 b5 7. Bb3 O-O 8. a4 b4 9. d4 d6 10. dxe5 Nxe5 11. Nxe5 dxe5 12. Qe2 Bc5 13. Be3 Bd4 14. Bxd4 Qxd4 15. Rd1 Bg4 16. Rxd4 Bxe2 17. Rxb4 a5 18. Rb7 Rfc8 19. Ba2 Nxe4 20. Rb3 Bc4 21. Re3 Bxa2 22. Rxe4 Bxb1 23. Rxb1 f6 24. f4 $146 ({RR} 24. Rd1 Rd8 25. Rxd8+ Rxd8 26. Kf1 c5 27. Rc4 Rd5 28. Ke2 Kf7 29. Rc3 Rd4 30. Rxc5 Rxa4 31. b3 Ra1 32. Rc7+ Kg6 33. Ra7 f5 34. b4 Rc1 35. Kd2 Rf1 36. b5 Rxf2+ 37. Kc3 Rf1 38. Rxa5 Rb1 {1-0 Dubov,D (2627)-Sasikiran,K (2682) Moscow Aeroflot op-A 14th 2015 (6)}) ({RR} 24. Rc4 c5 25. Rd1 Rab8 26. b3 Rb4 27. Rd5 Rxc4 28. bxc4 Rb8 29. Kf1 Rb2 30. Rxc5 Rxc2 31. Rxa5 Rxc4 32. Ra7 h5 33. g3 h4 34. Kg2 hxg3 35. hxg3 Kh7 36. a5 Ra4 37. a6 Kg6 38. Kf3 f5 {½-½ Khripachenko,A (2258)-Smirnov,P (2530) VN Startsev Mem 2024 (8.5)}) 24... exf4 25. Rxf4 c5 26. Rd1 Rd8 27. Rxd8+ Rxd8 28. Rc4 Rd5 29. Kf2 Kf7 30. b3 h5 1/2-1/2